[Event "SR 2. liga A 2013/2014"]
[Site "?"]
[Date "2014.02.23"]
[Round "9.1"]
[White "Pericka, Tomas"]
[Black "Dvorsky, Jozef"]
[Result "1/2-1/2"]
[WhiteElo "1994"]
[BlackElo "2013"]
[PlyCount "119"]
[EventDate "2013.??.??"]

1. e4 c5 2. Nf3 Nc6 3. Bb5 g6 4. O-O Bg7 5. c3 a6 6. Ba4 b5 7. Bc2 d5 8. d4
cxd4 9. cxd4 Bg4 10. Be3 Rc8 11. exd5 Qxd5 12. Bb3 Qh5 13. d5 Ne5 14. Nbd2 Bxf3
15. Nxf3 Nxf3+ 16. gxf3 Be5 17. f4 Qxd1 18. Raxd1 Bd6 19. Rc1 Ra8 20. Rc6 Nh6
21. Bd4 Rg8 22. Be5 Kd7 23. Bc2 Rgc8 24. Be4 f5 25. Bf3 Nf7 26. Re1 Nd8 27.
Rxd6+ exd6 28. Bf6 Kc7 29. Re7+ Kb8 30. Rd7 Nb7 31. Rxh7 Rg8 32. Bd4 Kc8 33.
Bb6 Kb8 34. a4 bxa4 35. Bd1 a5 36. Bc7+ Kc8 37. Bxa4 Nc5 38. Bb5 Ra7 39. Bxd6
Rxh7 40. Bxc5 Rd8 41. d6 Kb7 42. b4 axb4 43. Bxb4 Kb6 44. Bc4 Rh4 45. Bd2 Rxd6
46. Be3+ Kc6 47. Kg2 g5 48. Kg3 Rg4+ 49. Kf3 Rxf4+ 50. Bxf4 gxf4 51. Bg8 Rd2
52. Be6 Kd6 53. Bxf5 Ke5 54. Bc8 Rc2 55. Bb7 Rb2 56. Ba8 Kf5 57. Bc6 Rb3+ 58.
Kg2 Kg4 59. Bd7+ Kh4 60. Bc6 1/2-1/2

[Event "SR 2. liga A 2013/2014"]
[Site "?"]
[Date "2014.02.23"]
[Round "9.1"]
[White "Kosar, Mikulas ml"]
[Black "Diviak, Rastislav"]
[Result "1-0"]
[WhiteElo "1881"]
[BlackElo "1998"]
[PlyCount "93"]
[EventDate "2013.??.??"]

1. d4 d5 2. Nf3 Nf6 3. Bf4 e6 4. e3 c5 5. c3 Nc6 6. Bd3 Be7 7. Nbd2 O-O 8. O-O
b6 9. Ne5 Bb7 10. Ndf3 c4 11. Bc2 b5 12. Nxc6 Bxc6 13. Ne5 Qb6 14. Bg5 h6 15.
Bxf6 Bxf6 16. Ng4 Qd8 17. f4 Bd7 18. Qf3 g6 19. Nxh6+ Kg7 20. Ng4 Be7 21. Ne5
a5 22. Qg4 Qe8 23. f5 exf5 24. Bxf5 Bxf5 25. Rxf5 Bf6 26. Raf1 Bxe5 27. Rxe5
Qc6 28. Qf3 Rae8 29. Rxe8 Qxe8 30. Qf6+ Kg8 31. Rf3 Qd8 32. Qf4 Kg7 33. h4 Qe7
34. h5 Rh8 35. hxg6 fxg6 36. Qg3 b4 37. Rf5 bxc3 38. bxc3 Qe4 39. Qc7+ Kh6 40.
Rf3 Qb1+ 41. Kf2 Qxa2+ 42. Kg3 Qd2 43. Qf4+ Kg7 44. Qf7+ Kh6 45. Qf4+ Kg7 46.
Qe5+ Kh7 47. Rf7+ 1-0

[Event "SR 2. liga A 2013/2014"]
[Site "?"]
[Date "2014.02.23"]
[Round "9.2"]
[White "Arendas, Marek"]
[Black "Petenyi, Tamas"]
[Result "1/2-1/2"]
[WhiteElo "2096"]
[BlackElo "2464"]
[PlyCount "37"]
[EventDate "2013.??.??"]

1. e4 g6 2. d4 Bg7 3. Nc3 d6 4. Be3 Nc6 5. Nf3 Bg4 6. Be2 Bxf3 7. Bxf3 e5 8.
dxe5 Nxe5 9. Be2 Nf6 10. h3 O-O 11. Qd2 a6 12. f4 Ned7 13. Bf3 Rb8 14. O-O b5
15. a3 a5 16. Ne2 Re8 17. Nd4 Nxe4 18. Bxe4 Rxe4 19. Nc6 1/2-1/2

[Event "SR 2. liga A 2013/2014"]
[Site "?"]
[Date "2014.02.23"]
[Round "9.2"]
[White "Takacs, Laszlo"]
[Black "Liptak, Tomas"]
[Result "0-1"]
[WhiteElo "2130"]
[BlackElo "2108"]
[PlyCount "88"]
[EventDate "2013.??.??"]

1. e4 c5 2. Nf3 d6 3. d4 cxd4 4. Nxd4 Nf6 5. Nc3 a6 6. Be2 e5 7. Nb3 Be7 8. O-O
Be6 9. Kh1 Nbd7 10. f4 Qc7 11. f5 Bc4 12. Be3 b5 13. Bxc4 Qxc4 14. Qd3 Rc8 15.
Qxc4 Rxc4 16. Nd2 Rc6 17. a3 Ng4 18. Bg1 Bg5 19. Nf3 Bd8 20. a4 b4 21. Nd5 Ba5
22. c3 bxc3 23. b4 Bd8 24. b5 axb5 25. axb5 Rc4 26. Rfc1 Rxe4 27. Rxc3 Ngf6 28.
Nxf6+ gxf6 29. Rb1 d5 30. b6 Rc4 31. Ra3 Ke7 32. Ra7 Re8 33. Bf2 Kd6 34. Be1
Bxb6 35. Ra6 Kc7 36. Ba5 Bxa5 37. Rxa5 Kd6 38. Rd1 Rc5 39. Ra6+ Rc6 40. Ra5 Nb6
41. h3 Ra8 42. Rb5 Ra4 43. Kh2 Rac4 44. Ra5 Rc1 0-1

[Event "SR 2. liga A 2013/2014"]
[Site "?"]
[Date "2014.02.23"]
[Round "9.2"]
[White "Puskar, Peter"]
[Black "Merva, Frantisek"]
[Result "1/2-1/2"]
[WhiteElo "2063"]
[BlackElo "2022"]
[PlyCount "116"]
[EventDate "2013.??.??"]

1. d4 d5 2. c4 c6 3. Nf3 Nf6 4. e3 a6 5. a3 b5 6. c5 Bg4 7. h3 Bxf3 8. gxf3
Nbd7 9. f4 e6 10. Bg2 Qc7 11. Nd2 g6 12. O-O Bg7 13. Nf3 O-O 14. Ne5 Ne8 15.
Nxd7 Qxd7 16. b4 Nc7 17. Bd2 Rfe8 18. Bc3 f6 19. Qg4 Qf7 20. Qg3 f5 21. Bf3 Bf6
22. Kh1 Qe7 23. Rg1 Kf7 24. Kg2 Rg8 25. Kf1 Ke8 26. Ke2 Kd7 27. Rg2 Kc8 28.
Rag1 Kb7 29. Qh2 Rg7 30. Kd3 Rag8 31. Bd1 Ne8 32. f3 Bh4 33. Be1 Bxe1 34. Rxe1
g5 35. fxg5 Rxg5 36. Reg1 Rxg2 37. Rxg2 Rxg2 38. Qxg2 Qh4 39. Kd2 Nc7 40. Be2
Qh6 41. f4 a5 42. Qf1 axb4 43. axb4 Qg7 44. Qa1 Kc8 45. Qe1 Kd7 46. Qf2 Qg8 47.
Qh4 Kc8 48. Qe1 Kb7 49. Qa1 Qa8 50. Qxa8+ Nxa8 51. Bf3 Kc7 52. Bd1 Kd7 53. Bf3
Ke7 54. Bd1 Nc7 55. Bf3 Ne8 56. Ke1 Nf6 57. Kf2 Ng8 58. Kf1 Nf6 1/2-1/2

[Event "SR 2. liga A 2013/2014"]
[Site "?"]
[Date "2014.02.23"]
[Round "9.2"]
[White "Partys, Petr"]
[Black "Puchart, Vladimir"]
[Result "1/2-1/2"]
[WhiteElo "2007"]
[BlackElo "2051"]
[PlyCount "123"]
[EventDate "2013.??.??"]

1. e4 c5 2. Nc3 g6 3. f4 Bg7 4. Nf3 Nc6 5. Bb5 Nd4 6. Bc4 e6 7. O-O Ne7 8. d3
O-O 9. e5 d6 10. exd6 Qxd6 11. Ne4 Qc7 12. c3 Ndf5 13. Qe2 Rb8 14. a4 b6 15.
Bd2 Bb7 16. Rfe1 Nd5 17. g4 Nd6 18. f5 exf5 19. Nxd6 Qxd6 20. gxf5 Bc6 21. Ng5
Rbe8 22. Qf2 Rxe1+ 23. Rxe1 gxf5 24. Qxf5 Qg6 25. Rf1 h6 26. Qxg6 fxg6 27.
Rxf8+ Bxf8 28. Ne6 Bd6 29. Bxh6 Kh7 30. Bd2 Ne7 31. Ng5+ Kg7 32. Ne4 Be5 33.
Bb5 Bd5 34. a5 Nf5 35. Bg5 Nd6 36. Nxd6 Bxd6 37. Bd8 bxa5 38. Bxa5 Kf6 39. Bd8+
Kf5 40. Bh4 Kg4 41. Bf2 Kf3 42. h4 Ke2 43. Be8 Kxd3 44. Bxg6+ Kc4 45. Bc2 Bf4
46. Bd1 Bc1 47. Be2+ Kb3 48. Bxc5 Bxb2 49. Bxa7 Bxc3 50. Be3 Bc4 51. Bf3 Bd3
52. Kg2 Kc4 53. Kh3 Bf5+ 54. Bg4 Kd3 55. Bg5 Ke4 56. h5 Ke5 57. Bd8 Ke6 58. Bg5
Bxg4+ 59. Kxg4 Kf7 60. Kf5 Kg8 61. Kg6 Bb2 62. Be3 1/2-1/2

[Event "SR 2. liga A 2013/2014"]
[Site "?"]
[Date "2014.02.23"]
[Round "9.2"]
[White "Sturdik, Igor"]
[Black "Kahancova, Jana"]
[Result "0-1"]
[WhiteElo "2017"]
[BlackElo "1652"]
[PlyCount "82"]
[EventDate "2013.??.??"]

1. e4 e5 2. Nf3 Nc6 3. d4 exd4 4. Bc4 Be7 5. Nxd4 Ne5 6. Bb3 d6 7. Bf4 Nf6 8.
Nc3 Bd7 9. O-O O-O 10. h3 Qc8 11. Nf3 Ng6 12. Bg3 Bc6 13. Re1 Nd7 14. Nd4 Nc5
15. Nxc6 bxc6 16. Bc4 Bf6 17. Qd2 Re8 18. f3 Qb7 19. Rab1 Qb4 20. Bf1 Na4 21.
e5 Bxe5 22. Re4 Qb6+ 23. Bf2 Bxc3 24. Bxb6 Bxd2 25. Bxc7 Rxe4 26. fxe4 Bf4 27.
Ba6 Nc5 28. Bd3 Nxd3 29. cxd3 Rc8 30. Ba5 c5 31. Rf1 Be3+ 32. Kh2 c4 33. Rd1
cxd3 34. Rxd3 Bf4+ 35. g3 Rc2+ 36. Kg1 Be5 37. Bc3 Bxc3 38. bxc3 Rxa2 39. Rxd6
Kf8 40. Rd7 Ne5 41. Rc7 Nf3+ 0-1

[Event "SR 2. liga A 2013/2014"]
[Site "?"]
[Date "2014.02.23"]
[Round "9.2"]
[White "Kahanec, Jan"]
[Black "Kavon, Rastislav"]
[Result "0-1"]
[WhiteElo "1693"]
[BlackElo "2026"]
[PlyCount "94"]
[EventDate "2013.??.??"]

1. e4 c5 2. Nc3 d6 3. d3 Nf6 4. h3 g6 5. Be2 Bg7 6. Be3 O-O 7. Qd2 Re8 8. Nf3
Nc6 9. a3 Rb8 10. d4 cxd4 11. Nxd4 a6 12. O-O Nxd4 13. Bxd4 b5 14. Bf3 Be6 15.
Qe3 Qc7 16. e5 Nd7 17. exd6 Qxd6 18. Bxg7 Kxg7 19. Rfd1 Qe5 20. Qa7 Nc5 21. Re1
Qd6 22. Ne4 Nxe4 23. Bxe4 Qb6 24. Qxb6 Rxb6 25. c3 Bb3 26. Rac1 Rd6 27. Bc2
Bxc2 28. Rxc2 e6 29. f3 Red8 30. Kf2 Kf6 31. b3 Rd3 32. Re3 Rd1 33. Re1 R8d2+
34. Rxd2 Rxd2+ 35. Re2 Rd1 36. Re1 Rxe1 37. Kxe1 Ke5 38. Ke2 Kd5 39. Kd3 e5 40.
g3 h5 41. h4 f5 42. Ke3 a5 43. Kd3 Kc5 44. c4 bxc4+ 45. bxc4 e4+ 46. fxe4 fxe4+
47. Kxe4 Kxc4 0-1

[Event "SR 2. liga A 2013/2014"]
[Site "?"]
[Date "2014.02.23"]
[Round "9.2"]
[White "Krist, Milan"]
[Black "Olle, Akos"]
[Result "1-0"]
[WhiteElo "1946"]
[BlackElo "1134"]
[PlyCount "51"]
[EventDate "2013.??.??"]

1. d4 d5 2. c4 Nf6 3. Nf3 c6 4. cxd5 cxd5 5. Nc3 g6 6. Bf4 Bg7 7. e3 O-O 8. Bd3
Nc6 9. O-O a6 10. Rc1 b5 11. Ne2 Qb6 12. Ne5 Nxe5 13. Bxe5 Ng4 14. Bc7 Qf6 15.
h3 Nh6 16. Nf4 Qg5 17. Qf3 Be6 18. Rc5 Rac8 19. Rfc1 Nf5 20. Bxf5 Bxf5 21. Nxd5
e6 22. Nb6 Rce8 23. Nd7 Rc8 24. Nxf8 Bxf8 25. Rc6 Qh4 26. Bg3 1-0

[Event "SR 2. liga A 2013/2014"]
[Site "?"]
[Date "2014.02.23"]
[Round "9.2"]
[White "Mezes, Kristof"]
[Black "Bango, Lukas"]
[Result "0-1"]
[WhiteElo "1115"]
[BlackElo "1781"]
[PlyCount "46"]
[EventDate "2013.??.??"]

1. d4 Nf6 2. c4 e5 3. Nf3 e4 4. Ng5 h6 5. Nh3 d5 6. Nc3 Bb4 7. Bd2 Bxc3 8. Bxc3
Bg4 9. f3 Bxh3 10. gxh3 exf3 11. exf3 O-O 12. Be2 Re8 13. Qd2 Qe7 14. Rg1 Nh5
15. Bb4 Qh4+ 16. Kd1 Nc6 17. Bc3 Qf2 18. Rh1 Nf4 19. Re1 Ng2 20. Rf1 Ne3+ 21.
Kc1 Nxf1 22. Bxf1 Qxf1+ 23. Kc2 Qxa1 0-1

[Event "SR 2. liga A 2013/2014"]
[Site "?"]
[Date "2014.02.23"]
[Round "9.3"]
[White "Cech, Dominik"]
[Black "Banas, Jan"]
[Result "1/2-1/2"]
[WhiteElo "2106"]
[BlackElo "2293"]
[PlyCount "104"]
[EventDate "2013.??.??"]

1. e4 c5 2. Nf3 d6 3. d4 cxd4 4. Nxd4 Nf6 5. Nc3 Nc6 6. Bg5 e6 7. Qd2 a6 8.
O-O-O Bd7 9. f3 Nxd4 10. Qxd4 Be7 11. h4 Bc6 12. Kb1 h6 13. Be3 Qa5 14. Qd2 Qc7
15. Bd4 b5 16. a3 Qb7 17. g4 O-O-O 18. Bh3 g5 19. hxg5 hxg5 20. Qf2 Kb8 21. Bg2
Rhg8 22. Rh6 e5 23. Bb6 Rc8 24. Be3 Bd7 25. Nd5 Nxd5 26. exd5 f5 27. Rh7 Rge8
28. Bh3 f4 29. Bb6 Bd8 30. Bxd8 Rexd8 31. Bf1 Rh8 32. Rg7 Rhg8 33. Rxd7 Qxd7
34. Qb6+ Qb7 35. Qxd6+ Qc7 36. Qxc7+ Kxc7 37. c4 Kd6 38. cxb5 axb5 39. Bxb5 Rc5
40. Bc6 Rh8 41. Rd3 Rh1+ 42. Ka2 Re1 43. Rb3 Re3 44. Rb7 Rc2 45. a4 Rxc6 46.
dxc6 Kxc6 47. Rb5 e4 48. fxe4 f3 49. Rxg5 Rxe4 50. Rf5 Rxa4+ 51. Kb3 Rxg4 52.
Rxf3 Rh4 1/2-1/2

[Event "SR 2. liga A 2013/2014"]
[Site "?"]
[Date "2014.02.23"]
[Round "9.3"]
[White "Jacko, Vladimir"]
[Black "Danada, Tomas"]
[Result "1-0"]
[WhiteElo "2281"]
[BlackElo "2099"]
[PlyCount "75"]
[EventDate "2013.??.??"]

1. e4 c6 2. d4 d5 3. e5 Bf5 4. h4 h5 5. Bg5 Qb6 6. Bd3 Bxd3 7. Qxd3 e6 8. Nd2
Qa6 9. c4 Bb4 10. b3 Nd7 11. Ne2 Ne7 12. O-O Nf5 13. Ng3 g6 14. Nf3 Nh6 15. a3
Be7 16. Rfc1 Bxg5 17. Nxg5 O-O-O 18. Qf3 Kb8 19. a4 dxc4 20. bxc4 c5 21. Rab1
cxd4 22. N3e4 Qc6 23. Rb5 Rhf8 24. Rcb1 b6 25. a5 Kc7 26. c5 Rb8 27. cxb6+ axb6
28. Qa3 Kd8 29. Nf6 Ng4 30. Nxd7 Kxd7 31. Rxb6 Rxb6 32. Rxb6 Qc7 33. Qa4+ Kd8
34. Rd6+ Ke7 35. Qa3 Rb8 36. Rxe6+ Kd8 37. Qf8+ Kd7 38. Rd6+ 1-0

[Event "SR 2. liga A 2013/2014"]
[Site "?"]
[Date "2014.02.23"]
[Round "9.3"]
[White "Petrik, Stanislav"]
[Black "Janos, Martin"]
[Result "0-1"]
[WhiteElo "2175"]
[BlackElo "2213"]
[PlyCount "64"]
[EventDate "2013.??.??"]

1. e4 c5 2. Nf3 Nc6 3. Bb5 d6 4. d4 cxd4 5. Qxd4 Bd7 6. Bxc6 bxc6 7. c4 e5 8.
Qd3 h6 9. Nc3 Qc7 10. Be3 Nf6 11. h3 Be7 12. g4 Qb7 13. O-O-O Be6 14. c5 d5 15.
Nxe5 dxe4 16. Nxe4 Nxe4 17. Qxe4 Bd5 18. Qf5 O-O 19. Rhg1 Rad8 20. g5 Be6 21.
Qf3 Rxd1+ 22. Rxd1 hxg5 23. Qxc6 Qb4 24. Kb1 Rc8 25. Qa6 Qe4+ 26. Nd3 Rd8 27.
b3 Bf6 28. c6 Rc8 29. Qxa7 Rxc6 30. Qb8+ Kh7 31. Bc1 Bf5 32. Bb2 Qxd3+ 0-1

[Event "SR 2. liga A 2013/2014"]
[Site "?"]
[Date "2014.02.23"]
[Round "9.3"]
[White "Janos, Jozef"]
[Black "Karas, Marek"]
[Result "1/2-1/2"]
[WhiteElo "2123"]
[BlackElo "2037"]
[PlyCount "26"]
[EventDate "2013.??.??"]

1. d4 Nf6 2. Nf3 e6 3. c4 b6 4. Nc3 Bb4 5. Qb3 c5 6. e3 d6 7. Be2 Bb7 8. O-O
Bxc3 9. Qxc3 Ne4 10. Qc2 Qe7 11. b3 Nd7 12. Bb2 f5 13. Ne1 O-O 1/2-1/2

[Event "SR 2. liga A 2013/2014"]
[Site "?"]
[Date "2014.02.23"]
[Round "9.3"]
[White "Fabry, Robert"]
[Black "Helbich, Branislav"]
[Result "1-0"]
[WhiteElo "2132"]
[BlackElo "2050"]
[PlyCount "101"]
[EventDate "2013.??.??"]

1. Nf3 Nf6 2. b3 c5 3. Bb2 e6 4. e3 Be7 5. Be2 Nc6 6. O-O O-O 7. c4 Qc7 8. d4
cxd4 9. Nxd4 a6 10. Nc3 Rd8 11. Rc1 b6 12. a3 Bb7 13. b4 Ne5 14. Na4 Rac8 15.
c5 bxc5 16. Nxc5 Qb6 17. Nxb7 Qxb7 18. Qa4 Ra8 19. Nxe6 fxe6 20. Bxe5 d6 21.
Bf3 Nd5 22. Bd4 Bf6 23. Bxf6 gxf6 24. Qb3 Rac8 25. Rcd1 Kg7 26. Bxd5 exd5 27.
Qxd5 Qxd5 28. Rxd5 Kf7 29. Rfd1 Ke6 30. Kf1 Rc2 31. R1d2 Rc3 32. R5d3 Rc1+ 33.
Ke2 Rh1 34. h3 Rg1 35. Kf3 Ra1 36. Rc2 a5 37. bxa5 Ra8 38. Rc6 Rxa5 39. Rdxd6+
Ke7 40. Rxf6 R1xa3 41. Rh6 Rf5+ 42. Kg3 Rg5+ 43. Kh2 Kd7 44. Rb6 Kc7 45. Rbf6
Rg7 46. g4 Ra2 47. g5 Kd7 48. h4 Rc2 49. Kg3 Rc3 50. Ra6 Rc7 51. Ra8 1-0

[Event "SR 2. liga A 2013/2014"]
[Site "?"]
[Date "2014.02.23"]
[Round "9.3"]
[White "Krajnak, Robert"]
[Black "Kuna, Vladimir"]
[Result "1/2-1/2"]
[WhiteElo "2045"]
[BlackElo "1997"]
[PlyCount "56"]
[EventDate "2013.??.??"]

1. c4 e5 2. Nc3 Nf6 3. Nf3 Nc6 4. d3 d5 5. cxd5 Nxd5 6. e3 Bb4 7. Bd2 Be6 8.
Be2 O-O 9. O-O Be7 10. a3 Qd7 11. b4 a6 12. Qc2 Rfd8 13. Ne4 Nf6 14. Nxf6+ Bxf6
15. Bc3 Bf5 16. Rfd1 Qe7 17. Rac1 Rd7 18. Nd2 Qe6 19. Ne4 Be7 20. Qb2 Bxe4 21.
dxe4 Rxd1+ 22. Bxd1 Bd6 23. Bb3 Qe7 24. Bd5 Nd8 25. f4 c6 26. fxe5 Bc7 27. Bb3
Ne6 28. Rf1 Rd8 1/2-1/2

[Event "SR 2. liga A 2013/2014"]
[Site "?"]
[Date "2014.02.23"]
[Round "9.3"]
[White "Klimes, Milan"]
[Black "Goga, Frantisek"]
[Result "1-0"]
[WhiteElo "1872"]
[BlackElo "1887"]
[PlyCount "89"]
[EventDate "2013.??.??"]

1. c4 Nf6 2. Nc3 g6 3. d4 Bg7 4. Nf3 O-O 5. g3 d6 6. Bg2 c5 7. d5 Nbd7 8. O-O
a6 9. a4 Rb8 10. Qc2 Nb6 11. Nd2 Ng4 12. a5 Na8 13. h3 Nf6 14. Kh2 b6 15. axb6
Qxb6 16. e4 e5 17. Ra3 Qc7 18. Ne2 Nh5 19. f4 exf4 20. Nxf4 Nxf4 21. gxf4 Qe7
22. Nf3 f5 23. e5 dxe5 24. Nxe5 Bxe5 25. Re3 Bxf4+ 26. Rxf4 Qd6 27. Rg3 Nc7 28.
h4 Ne8 29. h5 Ng7 30. Bf3 Kf7 31. Rh4 Qf6 32. hxg6+ hxg6 33. Rh7 f4 34. Rxg6
Qxg6 35. Bh5 Rb6 36. Bxg6+ Rxg6 37. Bxf4 Rf6 38. Be5 Rg6 39. Qc3 Rg8 40. Bxg7
R8xg7 41. Rxg7+ Rxg7 42. Qe5 Rh7+ 43. Kg2 Rg7+ 44. Kf2 Bh3 45. Qh5+ 1-0

[Event "SR 2. liga A 2013/2014"]
[Site "?"]
[Date "2014.02.23"]
[Round "9.4"]
[White "Cibulka, Vladimir"]
[Black "Rohacek, Miroslav"]
[Result "1-0"]
[WhiteElo "2238"]
[BlackElo "2246"]
[PlyCount "77"]
[EventDate "2013.??.??"]

1. d4 Nf6 2. Nf3 d5 3. Bg5 e6 4. Nbd2 Be7 5. e3 c5 6. c3 Nbd7 7. Bd3 b6 8. O-O
Bb7 9. Ne5 Nxe5 10. dxe5 Nd7 11. Bxe7 Qxe7 12. f4 f6 13. exf6 Nxf6 14. Qa4+ Nd7
15. Rae1 O-O 16. Bb5 Nf6 17. Nf3 c4 18. Bc6 Bxc6 19. Qxc6 Rac8 20. Qa4 a5 21.
Ne5 Rc7 22. Rd1 Qc5 23. Rd4 b5 24. Qc2 Ne4 25. Rf3 g6 26. h4 b4 27. Nxc4 bxc3
28. bxc3 Qe7 29. Rxe4 dxe4 30. Qxe4 Rfc8 31. Ne5 Qxh4 32. c4 Qf6 33. Ng4 Qe7
34. Qe5 h5 35. Nf6+ Kf7 36. Ne4 Rd7 37. c5 Rc6 38. Qh8 Rd8 39. Ng5+ 1-0

[Event "SR 2. liga A 2013/2014"]
[Site "?"]
[Date "2014.02.23"]
[Round "9.4"]
[White "Kovac, Andrej"]
[Black "Veselsky, Jozef"]
[Result "1/2-1/2"]
[WhiteElo "2171"]
[BlackElo "2160"]
[PlyCount "134"]
[EventDate "2013.??.??"]

1. Nf3 c5 2. e3 d5 3. b3 Nf6 4. Bb2 e6 5. Ne5 Nfd7 6. Bb5 a6 7. Qf3 Qe7 8.
Bxd7+ Nxd7 9. Nxd7 Bxd7 10. Qg3 Bc6 11. d4 h5 12. h4 Rh6 13. Nd2 Rg6 14. Qh3
cxd4 15. exd4 Qf6 16. Nf3 Bb4+ 17. c3 Bd6 18. O-O Rg4 19. Rfe1 O-O-O 20. Bc1
Bf4 21. Ng5 Bd7 22. Bxf4 Qxf4 23. g3 Re8 24. Qg2 Qf5 25. f3 Rxg5 26. hxg5 Qxg5
27. a4 Rh8 28. Re5 Qg6 29. b4 Rh6 30. Re3 h4 31. f4 Qf5 32. Qf2 Qh7 33. g4 Rg6
34. g5 f6 35. Kh2 fxg5 36. fxg5 Qg8 37. Rf3 Qd8 38. Rf8 Be8 39. Qf4 Kd7 40. Rg1
Qe7 41. b5 e5 42. dxe5 Re6 43. bxa6 bxa6 44. Re1 Rb6 45. c4 Rb2+ 46. Kh1 Qe6
47. Qf5 Qxf5 48. Rxf5 dxc4 49. e6+ Ke7 50. Rc5 Rc2 51. Rc7+ Kd6 52. Rxg7 Bc6+
53. Kg1 h3 54. Rh7 Rg2+ 55. Kf1 h2 56. e7 Rg1+ 57. Kf2 Rg2+ 58. Kf1 Rg1+ 59.
Ke2 Rxg5 60. Rd1+ Kc5 61. Rh1 Bxh1 62. Rh5 Rxh5 63. e8=Q Bd5 64. Qe7+ Kb6 65.
Qd8+ Ka7 66. Qd7+ Bb7 67. Qd4+ Ka8 1/2-1/2

[Event "SR 2. liga A 2013/2014"]
[Site "?"]
[Date "2014.02.23"]
[Round "9.4"]
[White "Darazs, Zoltan"]
[Black "Kralovic, Andrej"]
[Result "0-1"]
[WhiteElo "2108"]
[BlackElo "2172"]
[PlyCount "52"]
[EventDate "2013.??.??"]

1. e4 e5 2. Nf3 Nc6 3. Bb5 Nf6 4. d4 exd4 5. O-O a6 6. Ba4 Be7 7. Re1 b5 8. e5
Nxe5 9. Rxe5 bxa4 10. Nxd4 O-O 11. Nf5 Re8 12. Bg5 d6 13. Nxe7+ Rxe7 14. Bxf6
gxf6 15. Rh5 Re5 16. Rh4 Bb7 17. f4 Rd5 18. Qg4+ Kh8 19. c4 Rd4 20. Qf5 Be4 21.
Qh3 Rd1+ 22. Kf2 Qb8 23. Qc3 Qb6+ 24. Ke2 Qg1 25. Qxf6+ Kg8 26. Rg4+ Bg6 0-1

[Event "SR 2. liga A 2013/2014"]
[Site "?"]
[Date "2014.02.23"]
[Round "9.4"]
[White "Kimerling, Martin"]
[Black "Kalmar, Tamas"]
[Result "1-0"]
[WhiteElo "2109"]
[BlackElo "1974"]
[PlyCount "87"]
[EventDate "2013.??.??"]

1. d4 Nf6 2. c4 e6 3. Nc3 d5 4. cxd5 Nxd5 5. e4 Nxc3 6. bxc3 c5 7. Nf3 cxd4 8.
cxd4 Bb4+ 9. Bd2 Bxd2+ 10. Qxd2 O-O 11. Bc4 Nc6 12. O-O Na5 13. Bd3 b6 14. Rac1
Bb7 15. Qf4 Rc8 16. Rxc8 Qxc8 17. Rc1 Qb8 18. e5 h6 19. Nd2 Rc8 20. Ne4 Bxe4
21. Bxe4 Rc4 22. Rxc4 Nxc4 23. Qc1 b5 24. f4 Qb6 25. Qc3 Qa5 26. Qxa5 Nxa5 27.
d5 exd5 28. Bxd5 Kf8 29. Kf2 Ke7 30. Ke3 f6 31. Kd4 g5 32. g3 fxe5+ 33. fxe5
Kd7 34. Kc5 a6 35. Kb4 Nc6+ 36. Bxc6+ Kxc6 37. Ka5 Kd5 38. Kxa6 b4 39. Ka5 Kxe5
40. Kxb4 Ke4 41. a4 Kf3 42. a5 Kg2 43. a6 Kxh2 44. g4 1-0

[Event "SR 2. liga A 2013/2014"]
[Site "?"]
[Date "2014.02.23"]
[Round "9.4"]
[White "Meszaros, Lorant"]
[Black "Sebo, Viktor"]
[Result "1-0"]
[WhiteElo "2027"]
[BlackElo "2039"]
[PlyCount "57"]
[EventDate "2013.??.??"]

1. d4 Nf6 2. c4 g6 3. g3 Bg7 4. Bg2 d6 5. Nf3 O-O 6. O-O c5 7. d5 Bg4 8. Nc3
Qc8 9. Re1 Bh3 10. e4 Bxg2 11. Kxg2 Nbd7 12. h3 Nh5 13. g4 Nhf6 14. Bf4 Nb6 15.
Qd3 h5 16. g5 Nfd7 17. e5 dxe5 18. Nxe5 Qd8 19. Rad1 Nxe5 20. Bxe5 e6 21. h4
exd5 22. cxd5 Re8 23. Bxg7 Kxg7 24. d6 Qd7 25. f3 Rad8 26. Ne4 Qf5 27. Qc3+ Qe5
28. Nf6 Qxc3 29. Nxe8+ 1-0

[Event "SR 2. liga A 2013/2014"]
[Site "?"]
[Date "2014.02.23"]
[Round "9.4"]
[White "Sklars, Tomas"]
[Black "Csefalvay, Stefan"]
[Result "1-0"]
[WhiteElo "2004"]
[BlackElo "1852"]
[PlyCount "68"]
[EventDate "2013.??.??"]

1. e4 b6 2. d4 Bb7 3. Nc3 e6 4. Bd3 Bb4 5. Nge2 Nf6 6. a3 Be7 7. Nf4 g5 8. Nh3
h6 9. f3 c5 10. Ne2 Nc6 11. c3 d5 12. e5 Nd7 13. f4 g4 14. Nf2 h5 15. f5 exf5
16. Bxf5 Nf8 17. Nf4 cxd4 18. cxd4 Bg5 19. O-O Bxf4 20. Bxf4 Ne6 21. Be3 Qe7
22. Rc1 Ng7 23. Bd3 O-O 24. Nh1 Nd8 25. Rf6 Nde6 26. Bb1 Rfc8 27. Qd3 Rxc1+ 28.
Bxc1 Nf8 29. Ng3 Bc8 30. Bh6 Ng6 31. Bxg7 Kxg7 32. Nxh5+ Kh6 33. Ng3 Kg7 34.
Nh5+ Kf8 1-0

[Event "SR 2. liga A 2013/2014"]
[Site "?"]
[Date "2014.02.23"]
[Round "9.4"]
[White "Vegh, Vince"]
[Black "Sahidi, Samir"]
[Result "0-1"]
[WhiteElo "1938"]
[BlackElo "1885"]
[PlyCount "80"]
[EventDate "2013.??.??"]

1. e4 c5 2. Nf3 a6 3. d4 cxd4 4. Nxd4 Nf6 5. Nc3 e5 6. Nb3 Nc6 7. Bg5 Bb4 8.
Be2 h6 9. Bxf6 Qxf6 10. O-O Bxc3 11. bxc3 O-O 12. Qd2 Qg6 13. a4 Qxe4 14. f4
Qg6 15. fxe5 Nxe5 16. Rad1 d6 17. Qxd6 Qxd6 18. Rxd6 Bd7 19. Nc5 Bc6 20. a5
Rfd8 21. Rd4 Rd5 22. Rfd1 Rxc5 23. c4 Rxa5 24. Kf2 Kf8 25. R1d2 Ke7 26. Bf3 f6
27. Bd5 Bxd5 28. cxd5 Kd6 29. Ke3 Rc8 30. Ke4 Rac5 31. Rb4 Rc4+ 32. Rd4 Rxd4+
33. Kxd4 b5 34. Rb2 f5 35. Ra2 Rc4+ 36. Ke3 Ra4 37. Rxa4 bxa4 38. Kd4 g5 39. c4
Nd7 40. h3 a3 0-1

[Event "SR 2. liga A 2013/2014"]
[Site "?"]
[Date "2014.02.23"]
[Round "9.4"]
[White "Vrtiakova, Anna"]
[Black "Szitasi, Janos"]
[Result "0-1"]
[WhiteElo "1788"]
[BlackElo "1983"]
[PlyCount "116"]
[EventDate "2013.??.??"]

1. e4 c5 2. Nf3 d6 3. Bb5+ Nc6 4. O-O a6 5. Bxc6+ bxc6 6. h3 Nf6 7. d3 d5 8.
Nc3 e6 9. b3 Be7 10. Bb2 O-O 11. Qe2 Qc7 12. Rae1 Bb7 13. Nh2 Nd7 14. Ng4 Rae8
15. Na4 Bd6 16. Qd2 e5 17. Ne3 Qd8 18. Ba3 Nb6 19. Nxc5 Bc8 20. b4 d4 21. Nd1
Be6 22. Nxe6 Rxe6 23. c4 dxc3 24. Qxc3 Qe7 25. Ne3 Rg6 26. Nf5 Qg5 27. g3 Nd5
28. h4 Qg4 29. exd5 Qxf5 30. Kh2 cxd5 31. Qd2 Qg4 32. Qe2 f6 33. Qxg4 Rxg4 34.
Rb1 Rd4 35. Rb3 Rb8 36. Rfb1 e4 37. dxe4 dxe4 38. Kg2 Rd2 39. Bb2 Rxb4 40. Rxb4
Bxb4 41. Bxf6 Bc5 42. Rb2 e3 43. Bc3 Rxb2 44. Bxb2 exf2 45. Be5 h5 46. Bf4 Kf7
47. Kf1 Ke6 48. Bb8 Kd5 49. Bf4 Kc4 50. Be5 g6 51. Ke2 a5 52. Bf6 a4 53. Be5
Bd4 54. Bxd4 Kxd4 55. Kxf2 Kc3 56. Ke3 Kb2 57. Kd3 Kxa2 58. Kc3 Ka3 0-1

[Event "SR 2. liga A 2013/2014"]
[Site "?"]
[Date "2014.02.23"]
[Round "9.5"]
[White "Dolnak, Michal"]
[Black "Federic, Jozef"]
[Result "0-1"]
[WhiteElo "2164"]
[BlackElo "2269"]
[PlyCount "78"]
[EventDate "2013.??.??"]

1. d4 d5 2. Nf3 Nf6 3. c4 e6 4. Nc3 Be7 5. cxd5 exd5 6. Bg5 O-O 7. Qc2 c6 8. e3
Re8 9. Bd3 Nbd7 10. O-O Nf8 11. Rab1 a5 12. a3 Ne4 13. Bxe7 Qxe7 14. Bxe4 dxe4
15. Nd2 f5 16. Nc4 Be6 17. Nb6 Ra6 18. Nca4 Qd8 19. Nc4 Ra7 20. Ne5 Bd5 21. Nc3
Ng6 22. Nxd5 Qxd5 23. Nxg6 hxg6 24. Rfc1 Kf7 25. Qa4 b5 26. Qd1 Rd8 27. g3 Qe6
28. Rc5 Rd5 29. Rbc1 Rxc5 30. Rxc5 Rd7 31. Qc2 Rd6 32. b3 Qd7 33. a4 Kg8 34.
Qc3 f4 35. exf4 Rxd4 36. Rxc6 Rd3 37. Qc2 Qg4 38. Kg2 Qf3+ 39. Kh3 Rd5 0-1

[Event "SR 2. liga A 2013/2014"]
[Site "?"]
[Date "2014.02.23"]
[Round "9.5"]
[White "Banas, Kamil"]
[Black "Bronis, Marian"]
[Result "1-0"]
[WhiteElo "2221"]
[BlackElo "2175"]
[PlyCount "73"]
[EventDate "2013.??.??"]

1. e4 c5 2. Nf3 a6 3. c3 d6 4. d4 Nd7 5. a4 g6 6. Bc4 e6 7. Bf4 Ngf6 8. Qe2 Nh5
9. Bg5 Be7 10. Bh6 Bf8 11. Be3 Ndf6 12. Nbd2 cxd4 13. Nxd4 e5 14. Nc2 Bg4 15.
f3 Be6 16. O-O Bg7 17. Rfd1 Qe7 18. Bxe6 fxe6 19. Nc4 Rd8 20. Qd2 O-O 21. Nxd6
Nd5 22. exd5 Qxd6 23. dxe6 Qxe6 24. Qxd8 Rxd8 25. Rxd8+ Kf7 26. Rad1 Nf6 27.
R1d2 Qc4 28. Nb4 Bf8 29. Nd3 Qc7 30. Bg5 Bd6 31. Rh8 e4 32. fxe4 Bxh2+ 33. Kh1
Qa5 34. Bxf6 Qh5 35. g4 Qh3 36. Rxh7+ Qxh7 37. Rxh2 1-0